Open Data Biblioteca Nacional de Portugal


República Portuguesa: Ministério da Cultura
Biblioteca Nacional de Portugal

Catálogo da BNP: acesso por Identificadores Unívocos
Registos Bibliográficos associados ao registo de autoridade

Etiqueta de registo: 00737cam 022002411 04500
001 420589
003 http://id.bnportugal.gov.pt/bib/catbnp/420589
005 19981231000000.0
095 ## $aPTBN00449393
100 ## $a19921015d18 km y0pory0103 ba
101 0# $alat
102 ## $aGB
200 1# $aFoedera conventiones litterae et cujuscunque generis acta publica, inter Reges Angliae et alivs quosvis Imperatores reges
210 #9 $aLondini$cPrinted by George Eyre and Andrew Strahan,$d[18--]
215 ## $a6 v.
700 #1 $aRymer,$bThomas,$f1643 (?) -1713$3538024
801 #0 $aPT$bBN$gRPC
966 ## $lBN$mFGMON$sH.G. 6566 A.
966 ## $lBN$mFGMON$sH.G. 6567 A.
966 ## $lBN$mFGMON$sH.G. 6568 A.
966 ## $lBN$mFGMON$sH.G. 6569 A.
966 ## $lBN$mFGMON$sH.G. 6570 A.
966 ## $lBN$mFGMON$sH.G. 6571 A.
997 ## $aBIBEOD
998 ## $aCI339-287

Etiqueta de registo: 00254nbm 2200025 450
001 2282759
003 http://id.bnportugal.gov.pt/bib/catbnp/2282759
100 ## $a20260324f1864 k y0pory01030103ba
101 0# $apor$alat
102 ## $aPT
105 ## $ay z 000yy
106 ## $ah
200 1# $a [ Documentos relativos às relações políticas e diplomáticas entre Portugal e Inglaterra, datados de 1199 a 1419, e entre Portugal e Trípoli datado de 1799]$bManuscrito]
210 #1 $d[Depois de 1864]
215 ## $a[101, f., 5 f. br.], enc.$d36 cm
300 ## $aCópias
304 ## $aReferência à obra de Thomas Rymer: " Foedera"
304 ## $aTexto em português e latim
307 ## $aCadernos soltos; fragilizado nas extremidades, f. rasgados nos cantos inferiores e superiores direitos, alguns em falta; mutilado (f. 82); acrescento colado (f. 86)
307 ## $aEncadernação em papel marmoreado, em mau estado, com falta de suporte
316 ## $aCota antiga: U-6-27
317 ## $aMarca de posse manuscrita: "Manuscripto[s] que pertenceram ao Doutor Antonio Nunes de Carvalho" (no rótulo colado na capa)
327 11 $aAnotação: "Confrontando este manuscripto com o Quadro Elementar das Relaçoes politicas e Diplomáticas de Portugal com as diversas potencias do mundo, do Visconde de Santarém, rubricamos com as palavras não vem os documentos de que o mesmo Visconde não faz menção em sua obra" (colada no inicio do códice)$aCartas régias, de recomendação, de pleno poder, de confirmação, de procuração; salvo conduto; convenção comercial; tratado de aliança; assento de licenças; passaporte, instruções$a"Tractado de Paz e Amizade entre Dom João Principe Regente de Portugal, e Jusef Bax Carmanaly, Regente e Governador de Tripoli, assinado em Tripoli a 14 de Maio de 1799" ([102-105] f.)
702 #1 $aCarvalho,$bAntónio Nunes de,$f1786-1867$4390$384348
702 #1 $aRymer,$bThomas,$f1643 (?) -1713$4100$3538024
801 #0 $aPT$bBN$gRPC
966 ## $lBN$mRESMAN$sCOD. 6968
972 ## $e0$z0$d20260330$vanacris

OpendataBNP@bnportugal.pt | Mais informação sobre acesso aos dados BNP